Composite administrative procedures in the European Union
Guardado en:
| Autor principal: | |
|---|---|
| Formato: | Libro |
| Lenguaje: | español |
| Publicado: |
Madrid
Centro de Estudios Europeos Luis Ortega Alvarez
2017
|
| Materias: | |
| Etiquetas: |
Agregar Etiqueta
Sin Etiquetas, Sea el primero en etiquetar este registro!
|
MARC
| LEADER | 00000cam a2200000 a 4500 | ||
|---|---|---|---|
| 001 | UCC9177 | ||
| 003 | CL-VaPUC | ||
| 008 | 190914e20170000sp |||||||||||||||||spa|d | ||
| 020 | |a 9788498903300 | ||
| 082 | 0 | 4 | |a 342.24057 |b ALO |2 21 |
| 100 | 0 | |a Alonso de León, Sergio |e author |9 604083 | |
| 245 | 1 | 0 | |a Composite administrative procedures in the European Union |
| 300 | |a 430 p | ||
| 942 | |c BK | ||
| 945 | |d 20190914 23:07:00 |a cmena | ||
| 260 | |a Madrid |b Centro de Estudios Europeos Luis Ortega Alvarez |c 2017 | ||
| 650 | 7 | |a PAISES DE LA UNION EUROPEA |2 CL-VaPUC |9 553442 | |
| 650 | 7 | |a DERECHO CONSTITUCIONAL EUROPEO |2 CL-VaPUC |9 548427 | |
| 650 | 0 | |a Derecho internacional |9 255637 | |
| 650 | 0 | |a Política gubernamental |9 262286 | |
| 650 | 0 | |a Derecho administrativo |9 254851 | |
| 583 | |a last modification |c 20190914 23:07:00 |k Rodrigo Vera | ||
| 999 | |c 375371 |d 375369 | ||
| 952 | |0 0 |1 0 |3 erb |4 0 |6 342_240570000000000_ALO_2017 |7 0 |8 WP_COW |9 561312 |a BIBDER |b BIBDER |e Fundación W and P Cowley |i 5597730 |o 342.24057 ALO 2017 |p 5597730 |r 2023-01-25 |w 2020-03-12 |y BK |z Catalogado en:20190914 |k WPC | ||